Movies Quiz

Random Movies or Oscar Quiz
Score 0/7 Timer 04:00
0 Plays Today
Year Film % Correct
1988Rain Man
88.1%
1967The Graduate
85.1%
1979Kramer Vs Kramer
72.5%
1982Tootsie
67.5%
1969Midnight Cowboy
50.9%
1997Wag the Dog
34.2%
1974Lenny
16.5%

You're not logged in!

Compare scores with friends on all Sporcle quizzes.
OR
Log In

Sporcle TV

Today on Sporcle TV


Watch our educational content, quiz creation guides, and fun videos on Sporcle TV.

Show Comments

Extras

Top Quizzes Today


Score Distribution

Paid Content

Your Account Isn't Verified!

In order to create a playlist on Sporcle, you need to verify the email address you used during registration. Go to your Sporcle Settings to finish the process.

Report this User

Report this user for behavior that violates our Community Guidelines.

Details: